Maiores Países por Área e População - Statistics

Estatísticas Gerais
  • Esse quiz foi jogado 12 163 vezes
  • A pontuação média é 23 de 31
Estatísticas das Respostas
País % Correto
China
100%
Rússia
100%
Brasil
99%
Estados Unidos
99%
Canadá
98%
Índia
98%
Austrália
93%
Argentina
92%
México
91%
Japão
83%
Indonésia
79%
Alemanha
78%
Egito
76%
Cazaquistão
75%
Mongólia
74%
Arábia Saudita
73%
Argélia
72%
Paquistão
72%
Nigéria
71%
RD Congo
71%
Irã
67%
Turquia
61%
Bangladesh
58%
Sudão
58%
Líbia
57%
Peru
57%
Tailândia
55%
Chade
47%
Filipinas
47%
Etiópia
44%
Vietnã
43%
Nenhum quiz correspondente encontrado
Distribuição das Pontuações
Porcentagem de Pessoas com Cada Pontuação
Percentil de Números Respondidos
Sua Pontuação Histórica
Você não jogou esse quiz